[Event "Andalusia-ch Rapid"]
[Site "Dos Hermanas"]
[Date "2021.06.12"]
[Round "1"]
[White "Sosa, Tomas Sebastian"]
[Black "Serrano Picon, Jairo"]
[Result "1-0"]
[WhiteElo "2541"]
[BlackElo "1795"]
[PlyCount "67"]
[EventDate "2021.06.12"]
[EventType "swiss (rapid)"]
[EventRounds "8"]
[EventCountry "ESP"]
[SourceTitle "CBM 203 Extra"]
[Source "ChessBase"]
[SourceDate "2021.09.30"]
[SourceVersion "1"]
[SourceVersionDate "2021.09.30"]
[SourceQuality "1"]

1. e4 e5 2. Nf3 Nc6 3. Bc4 Nf6 4. d3 Be7 5. 0-0 0-0 6. a4 d6 7. a5 a6 8. c3 Be6 9. Nbd2 Bxc4 10. Nxc4 Nd7 11. d4 Bf6 12. d5 Ne7 13. b4 g6 14. Be3 Bg7 15. Rb1 f5 16. Ng5 Rf6 17. Ne6 Rxe6 18. dxe6 Nf8 19. exf5 gxf5 20. f4 e4 21. Bd4 Nxe6 22. Bxg7 Kxg7 23. Ne3 c5 24. bxc5 Nxc5 25. Qd4+ Kg8 26. Qf6 Qf8 27. Qxd6 Rc8 28. Rfd1 Nc6 29. Qd5+ Kh8 30. Nxf5 Rd8 31. Nd6 Nd3 32. Nf7+ Kg7 33. Nxd8 Qxd8 34. Rxb7+ 1-0